000 01105cam a2200301 4500
008 090401t1993 xxu||||| |||| 00| 0 eng d
020 _a0419181504
035 _a(Sirsi) u28267
041 _aeng
050 _a692.8
100 _aPike, Andrew
245 _aPractical building forms and agreements.
260 _aLondon
_bE. & F.N. Spon
_c1993
300 _a366p. ; 26cm.
350 _a45
520 _aA guide for employers and advisers drawing up all the contracts required for a building project. Includes terms of engagement, main contracts, trade contracts, collateral warranties, performance bonds and personal and parent company guarantees.
650 _aBUILT ENVIRONMENT-BUILDING CONTRACT FORMS
650 _aBUILT ENVIRONMENT-BUILDING CONTRACT FORMS-CONSTRUCTION COLLATERAL WARRANTY FORMS
650 _aCONDITIONS OF ENGAGEMENT
650 _aJCT
650 _aPARENT COMPANY GUARANTEES
650 _aPERFORMANCE BONDS
650 _aSUBCONTRACTS
650 _aTRADE CONTRACTS
690 _aBUILT ENVIRONMENT-BUILDING CONTRACT FORMS
942 _n0
948 _c04/03/1997
999 _c89227
_d89227